000 00290nam a2200097Ia 4500
001 640841
005 20250826153455.0
008 250824s9999 xx 000 0 und d
245 0 _aKALBİMİN EFENDİSİ 1 PEMGAMBERİMİZİN ÇOCUKLUĞU VE GENÇLİĞİ
_cSALİH SURUÇ
260 _bGENÇ TİMAŞ
999 _c640841
_d640841